00402nam a2200145Ia 4500003000400000008004100004040001600045082001600061100001600077245007600093260004900169300001000218650001100228650001700239GCL140319s9999 xx 000 0 eng d aGCL / cGCL04a320.56bE C1 aERGAN, ZEKI10aTHE CATHARSIS AND THE HEALING: SOUTH AFRICA IN THE 1990 / cERGAN, ZEKI a[S.N] : bJANUS PUBLISHING COMPANY ، c1994 a339 P04aRACISM04aSOUTH AFRICA